[Event "SVK-chT2C 2324"]
[Site "Slovakia"]
[Date "2024.02.11"]
[Round "9.4"]
[White "Listiak, Juraj"]
[Black "Jelen, Peter"]
[Result "1-0"]
[WhiteElo "1946"]
[BlackElo "2026"]
[PlyCount "133"]
[EventDate "2023.10.07"]
[EventType "team-tourn"]
[EventRounds "11"]
[EventCountry "SVK"]
[SourceTitle "EXT 2025"]
[Source "ChessBase"]
[SourceDate "2024.10.14"]
[SourceVersion "1"]
[SourceVersionDate "2024.10.14"]
[SourceQuality "1"]
[WhiteTeam "Banska Bystrica PSK"]
[BlackTeam "Ondrasova Krivan"]
[WhiteTeamCountry "SVK"]
[BlackTeamCountry "SVK"]

1. e4 c5 2. Nc3 Nc6 3. g3 g6 4. Bg2 Bg7 5. Nge2 e6 6. 0-0 Nge7 7. d3 d5 8. exd5 exd5 9. Nf4 d4 10. Ncd5 0-0 11. Nxe7+ Nxe7 12. Re1 Rb8 13. Bd2 Re8 14. Nd5 Be6 15. Nxe7+ Qxe7 16. Bd5 Qd7 17. Bxe6 Rxe6 18. Rxe6 Qxe6 19. Qf3 Qb6 20. b3 Re8 21. a4 h5 22. Re1 Rxe1+ 23. Bxe1 Bh6 24. Qe4 Qe6 25. Qxe6 fxe6 26. Kg2 e5 27. Kf3 Kf7 28. Ke4 Ke6 29. b4 b6 30. bxc5 bxc5 31. Ba5 a6 32. Bc7 Bg7 33. Bb8 Bf6 34. h3 Bg7 35. f3 Bf6 36. g4 hxg4 37. fxg4 g5 38. Bc7 Be7 39. Bxe5 Bd8 40. Bg3 Be7 41. Bc7 Bf6 42. Bb6 Be7 43. Bc7 Bf6 44. Bg3 Be7 45. Be5 Bd8 46. c3 dxc3 47. Bxc3 Be7 48. Be1 Bf6 49. Bf2 Be7 50. Be3 Kd6 51. Kf5 Kd5 52. Kg6 a5 53. Kf7 Bd8 54. Ke8 Bf6 55. Kd7 Bc3 56. Bxg5 Kd4 57. Bf6+ Kxd3 58. Bxc3 Kxc3 59. g5 Kb4 60. g6 c4 61. g7 c3 62. g8Q c2 63. Qg5 Kxa4 64. Qc1 Kb3 65. h4 a4 66. h5 a3 67. h6 1-0

[Event "SVK-chT2C 2324"]
[Site "Slovakia"]
[Date "2023.10.08"]
[Round "2.4"]
[White "Jelen, Peter"]
[Black "Bulej, Matej"]
[Result "0-1"]
[WhiteElo "2026"]
[BlackElo "2025"]
[PlyCount "90"]
[EventDate "2023.10.07"]
[EventType "team-tourn"]
[EventRounds "11"]
[EventCountry "SVK"]
[SourceTitle "EXT 2025"]
[Source "ChessBase"]
[SourceDate "2024.10.14"]
[SourceVersion "1"]
[SourceVersionDate "2024.10.14"]
[SourceQuality "1"]
[WhiteTeam "Ondrasova Krivan"]
[BlackTeam "Cadca Caissa II"]
[WhiteTeamCountry "SVK"]
[BlackTeamCountry "SVK"]

1. e4 c6 2. d4 d5 3. f3 e6 4. Nc3 Bb4 5. Bf4 Nf6 6. e5 Nfd7 7. a3 Bxc3+ 8. bxc3 Qa5 9. Bd2 Qa4 10. h4 c5 11. Ne2 Nc6 12. Be3 b6 13. h5 Ba6 14. Kf2 Na5 15. Kg1 Rc8 16. Bf2 Nc4 17. Qc1 h6 18. Rh4 Qb5 19. Ng3 Qa5 20. Qe1 Nb2 21. Bxa6 Qxa6 22. Rf4 Qa4 23. Rg4 Qxc2 24. Ra2 Qb3 25. Qb1 Qd1+ 26. Qxd1 Nxd1 27. Rxg7 Nxc3 28. Rc2 Nb5 29. a4 Na3 30. Rc3 Nc4 31. f4 Kf8 32. Rg4 Rg8 33. Rxg8+ Kxg8 34. f5 Rc6 35. Ne2 Rc8 36. Nf4 Re8 37. Rg3+ Kh7 38. fxe6 fxe6 39. Rg6 cxd4 40. Nxe6 Ndxe5 41. Rf6 d3 42. Kf1 Nd2+ 43. Ke1 Ne4 44. Nf8+ Kg7 45. Re6 Kxf8 0-1

[Event "SVK-chT2C 2223"]
[Site "Slovakia"]
[Date "2023.01.15"]
[Round "7.4"]
[White "Jelen, Peter"]
[Black "Volna, Lukas"]
[Result "0-1"]
[WhiteElo "2040"]
[BlackElo "1915"]
[PlyCount "60"]
[EventDate "2022.10.08"]
[EventType "team-tourn"]
[EventRounds "11"]
[EventCountry "SVK"]
[SourceTitle "EXT 2024"]
[Source "ChessBase"]
[SourceDate "2023.10.10"]
[SourceVersion "1"]
[SourceVersionDate "2023.10.10"]
[SourceQuality "1"]
[WhiteTeam "Ondrasova Krivan"]
[BlackTeam "Dunajov Martin III"]
[WhiteTeamCountry "SVK"]
[BlackTeamCountry "SVK"]

1. c4 b6 2. e4 Bb7 3. Nc3 e6 4. d4 Bb4 5. e5 c5 6. d5 Ne7 7. d6 Ng6 8. f4 f6 9. h4 fxe5 10. fxe5 0-0 11. Bg5 Qe8 12. Qe2 Rf5 13. 0-0-0 Bxc3 14. bxc3 Nxe5 15. Rh3 Qf7 16. g4 Nxg4 17. Rg3 Nf2 18. Bh3 Nxh3 19. Rxh3 Rf2 20. Qd3 Rxa2 21. Kb1 Rf2 22. Be3 Qf5 23. Bxf2 Be4 24. Qxe4 Qxe4+ 25. Kb2 Nc6 26. h5 Rf8 27. Rd2 Na5 28. Rc2 Qxc4 29. Nf3 Qd5 30. Nd2 Rxf2 0-1

[Event "SVK-chT2C 2223"]
[Site "Slovakia"]
[Date "2022.10.09"]
[Round "2.2"]
[White "Miklas, Marian"]
[Black "Jelen, Peter"]
[Result "1-0"]
[WhiteElo "2000"]
[BlackElo "2040"]
[PlyCount "61"]
[EventDate "2022.10.08"]
[EventType "team-tourn"]
[EventRounds "11"]
[EventCountry "SVK"]
[SourceTitle "CBM 210 Extra"]
[Source "ChessBase"]
[SourceDate "2022.11.30"]
[SourceVersion "1"]
[SourceVersionDate "2022.11.30"]
[SourceQuality "1"]
[WhiteTeam "Banska Bystrica Kurta"]
[BlackTeam "Ondrasova Krivan"]
[WhiteTeamCountry "SVK"]
[BlackTeamCountry "SVK"]

1. Nf3 Nf6 2. c4 g6 3. g3 Bg7 4. Bg2 0-0 5. 0-0 d6 6. d4 c6 7. Nc3 Qc7 8. h3 e5 9. e4 Nbd7 10. Be3 b6 11. Re1 Bb7 12. Rc1 Rad8 13. b4 exd4 14. Nxd4 a6 15. Qb3 Rfe8 16. b5 Nc5 17. Qb1 cxb5 18. cxb5 a5 19. Nd5 Nxd5 20. exd5 Bxd4 21. Bxd4 Qd7 22. Rc3 f5 23. Rce3 Qf7 24. Ba1 Rxe3 25. Rxe3 h6 26. Qb2 Kh7 27. Qe2 Rd7 28. Re8 g5 29. Rh8+ Kg6 30. Bf3 g4 31. Bxg4 1-0

[Event "SVK-chT2C 2122"]
[Site "Slovakia"]
[Date "2021.10.17"]
[Round "2.5"]
[White "Valuska, Jan"]
[Black "Jelen, Peter"]
[Result "1-0"]
[WhiteElo "1921"]
[BlackElo "2068"]
[PlyCount "81"]
[EventDate "2021.10.16"]
[EventType "team-tourn"]
[EventRounds "11"]
[EventCountry "SVK"]
[SourceTitle "EXT 2023"]
[Source "ChessBase"]
[SourceDate "2022.10.05"]
[SourceVersion "1"]
[SourceVersionDate "2022.10.05"]
[SourceQuality "1"]
[WhiteTeam "Detva"]
[BlackTeam "Ondrasova Krivan"]
[WhiteTeamCountry "SVK"]
[BlackTeamCountry "SVK"]

1. e4 g6 2. Nf3 Bg7 3. Nc3 d6 4. d4 a6 5. Be3 Nd7 6. Qd2 b5 7. a3 Bb7 8. Be2 c6 9. Rd1 Qc7 10. 0-0 0-0-0 11. Ng5 Rf8 12. b4 h6 13. Nh3 Ngf6 14. f3 Rd8 15. a4 Kb8 16. axb5 cxb5 17. Rc1 Rc8 18. Nd1 Nb6 19. Nb2 Qc3 20. Qxc3 Rxc3 21. Bd2 Rc7 22. c3 e5 23. d5 Bc8 24. Nf2 Bd7 25. Ra1 Bc8 26. Rfc1 Nh5 27. g3 Bb7 28. Be3 Nd7 29. c4 Rhc8 30. cxb5 Rc2 31. bxa6 Rxe2 32. axb7 Rcc2 33. Nc4 Rxc4 34. Ba7+ Kxb7 35. Rxc4 f5 36. Kf1 Rb2 37. Be3 f4 38. Ra7+ Kb8 39. Rxd7 fxe3 40. Ng4 e2+ 41. Ke1 1-0

[Event "SVK-chT2C 2122"]
[Site "Slovakia"]
[Date "2021.10.16"]
[Round "1.5"]
[White "Jelen, Peter"]
[Black "Grec, Jan Alexander"]
[Result "1-0"]
[WhiteElo "2068"]
[BlackElo "1839"]
[PlyCount "21"]
[EventDate "2021.10.16"]
[EventType "team-tourn"]
[EventRounds "11"]
[EventCountry "SVK"]
[SourceTitle "EXT 2023"]
[Source "ChessBase"]
[SourceDate "2022.10.05"]
[SourceVersion "1"]
[SourceVersionDate "2022.10.05"]
[SourceQuality "1"]
[WhiteTeam "Ondrasova Krivan"]
[BlackTeam "Filakovo"]
[WhiteTeamCountry "SVK"]
[BlackTeamCountry "SVK"]

1. c4 e5 2. Nc3 Nf6 3. Nf3 Nc6 4. e3 d5 5. cxd5 Nxd5 6. Bb5 f6 7. Nxe5 fxe5 8. Qh5+ Ke7 9. b3 Ndb4 10. Ba3 Qd6 11. Bxb4 1-0

[Event "SVK-chT2C 1920"]
[Site "Slovakia"]
[Date "2020.02.15"]
[Round "8.6"]
[White "Jelen, Peter"]
[Black "Vranova, Zdenka"]
[Result "1-0"]
[WhiteElo "2101"]
[BlackElo "1981"]
[PlyCount "61"]
[EventDate "2019.10.26"]
[EventType "team-tourn"]
[EventRounds "11"]
[EventCountry "SVK"]
[SourceTitle "CBM 195 Extra"]
[Source "ChessBase"]
[SourceDate "2020.05.31"]
[SourceVersion "1"]
[SourceVersionDate "2020.05.31"]
[SourceQuality "1"]
[WhiteTeam "Ondrasova Krivan"]
[BlackTeam "Rajecke Teplice"]
[WhiteTeamCountry "SVK"]
[BlackTeamCountry "SVK"]

1. Nf3 Nf6 2. c4 d6 3. g3 e5 4. Bg2 Be7 5. d4 Nbd7 6. 0-0 0-0 7. Nc3 c6 8. e4 Re8 9. h3 Qc7 10. b3 Bf8 11. Bb2 a6 12. Rc1 b6 13. Ne1 Bb7 14. d5 c5 15. f4 exf4 16. gxf4 Rab8 17. a4 Bc8 18. Nd3 Be7 19. Re1 g6 20. e5 Nh5 21. exd6 Qxd6 22. Ne4 Qc7 23. Ne5 Nxf4 24. d6 Bxd6 25. Qxd6 Qxd6 26. Nxd6 Nxg2 27. Nxe8 Nxe1 28. Nxd7 Rb7 29. Nef6+ Kg7 30. Rxe1 Kh6 31. Re7 1-0

[Event "SVK-chT2C 1920"]
[Site "Slovakia"]
[Date "2019.12.14"]
[Round "5.4"]
[White "Jelen, Peter"]
[Black "Taragelova, Martina"]
[Result "1/2-1/2"]
[WhiteElo "2101"]
[BlackElo "1956"]
[PlyCount "83"]
[EventDate "2019.10.26"]
[EventType "team-tourn"]
[EventRounds "11"]
[EventCountry "SVK"]
[SourceTitle "CBM 194 Extra"]
[Source "ChessBase"]
[SourceDate "2020.03.31"]
[SourceVersion "1"]
[SourceVersionDate "2020.03.31"]
[SourceQuality "1"]
[WhiteTeam "Ondrasova Krivan"]
[BlackTeam "Liptov Chess School III"]
[WhiteTeamCountry "SVK"]
[BlackTeamCountry "SVK"]

1. Nf3 d5 2. c4 e6 3. g3 Nf6 4. Bg2 Be7 5. 0-0 0-0 6. d4 c5 7. cxd5 exd5 8. Nc3 Nc6 9. dxc5 Bxc5 10. Bg5 d4 11. Bxf6 gxf6 12. Ne4 Bb6 13. Qd2 Re8 14. Nh4 f5 15. Ng5 Ba5 16. Qc1 Be6 17. Nxe6 fxe6 18. Qh6 Qe7 19. Rac1 Rac8 20. Rfd1 Bb6 21. a3 Ne5 22. Qf4 Nf7 23. Nf3 Rxc1 24. Rxc1 Rd8 25. Rd1 Qd6 26. Qh4 e5 27. Ng5 Qg6 28. Nxf7 Qxf7 29. Bh3 Kh8 30. Qg5 Rf8 31. Rc1 Qf6 32. Qd2 e4 33. Qf4 Kg7 34. Bg2 Rd8 35. g4 fxg4 36. Qxg4+ Kh8 37. Rc8 e3 38. fxe3 dxe3 39. Bf3 Qxb2 40. h4 Qg7 41. Qxg7+ Kxg7 42. Rxd8 1/2-1/2

[Event "SVK-chT2C 1819"]
[Site "Slovakia"]
[Date "2019.04.07"]
[Round "11.4"]
[White "Jelen, Peter"]
[Black "Koltanyi, Imre"]
[Result "1/2-1/2"]
[WhiteElo "2077"]
[BlackElo "1936"]
[PlyCount "68"]
[EventDate "2018.10.13"]
[EventType "team-tourn"]
[EventRounds "11"]
[EventCountry "SVK"]
[SourceTitle "EXT 2020"]
[Source "ChessBase"]
[SourceDate "2019.10.17"]
[SourceVersion "1"]
[SourceVersionDate "2019.10.17"]
[SourceQuality "1"]
[WhiteTeam "Ondrasova Krivan"]
[BlackTeam "Vinica"]
[WhiteTeamCountry "SVK"]
[BlackTeamCountry "SVK"]

1. c4 Nf6 2. Nc3 d5 3. e3 c6 4. Nf3 Nbd7 5. d4 Qc7 6. Be2 e6 7. 0-0 Bd6 8. b3 0-0 9. Bb2 h6 10. Rc1 Qd8 11. Qc2 Re8 12. Rfd1 Nf8 13. e4 dxe4 14. Nxe4 Nxe4 15. Qxe4 f5 16. Qc2 Qc7 17. Re1 Qf7 18. Rcd1 Bc7 19. Bd3 Bd7 20. Ne5 Bxe5 21. Rxe5 Rad8 22. Qc3 Bc8 23. a4 Nd7 24. Ree1 Nf6 25. b4 b6 26. Re2 Qc7 27. h3 Qf7 28. Bc2 Bb7 29. Rde1 a6 30. Qe3 b5 31. c5 Nd5 32. Qd2 Bc8 33. axb5 axb5 34. Re5 Bd7 1/2-1/2

[Event "SVK-chT2C 1819"]
[Site "Slovakia"]
[Date "2019.03.02"]
[Round "8.3"]
[White "Frink, Ferenc"]
[Black "Jelen, Peter"]
[Result "1/2-1/2"]
[WhiteElo "2044"]
[BlackElo "2112"]
[PlyCount "225"]
[EventDate "2018.10.13"]
[EventType "team-tourn"]
[EventRounds "11"]
[EventCountry "SVK"]
[SourceTitle "CBM 189 Extra"]
[Source "ChessBase"]
[SourceDate "2019.05.31"]
[SourceVersion "1"]
[SourceVersionDate "2019.05.31"]
[SourceQuality "1"]
[WhiteTeam "Filakovo"]
[BlackTeam "Ondrasova Krivan"]
[WhiteTeamCountry "SVK"]
[BlackTeamCountry "SVK"]

1. e4 d6 2. d4 Nd7 3. Bd3 e5 4. c3 c5 5. Ne2 Ngf6 6. 0-0 Be7 7. h3 0-0 8. Be3 Re8 9. Nd2 cxd4 10. cxd4 exd4 11. Nxd4 Nc5 12. Qc2 Bf8 13. b4 Nxd3 14. Qxd3 d5 15. Bg5 Bxb4 16. Bxf6 gxf6 17. exd5 Qxd5 18. N2f3 Bd7 19. Rab1 Bc5 20. Rfd1 Rad8 21. Qc3 Rc8 22. Qb2 Bb6 23. Ne2 Qf5 24. Ng3 Qg6 25. Rxd7 Rc2 26. Qb3 Bxf2+ 27. Kh1 Bxg3 28. Nd4 Rd2 29. Rxf7 Qxf7 30. Qxg3+ Qg6 31. Nf5 Qxg3 32. Nxg3 b6 33. Rb4 Rxa2 34. Rg4+ Kf8 35. Rh4 Re7 36. Nf5 Re5 37. Nd4 Rd2 38. Nf3 Rd1+ 39. Kh2 Re7 40. Rf4 Rd6 41. Nd4 Re5 42. Nf5 Rd2 43. Nh4 Re6 44. Nf3 Rd5 45. Nd4 Red6 46. Nf5 Rc6 47. Nd4 Rxd4 48. Rxd4 Ke7 49. Rh4 a5 50. Rxh7+ Kd6 51. h4 a4 52. h5 Rc5 53. g4 a3 54. Ra7 Ra5 55. Rxa5 bxa5 56. h6 a2 57. h7 a1Q 58. h8Q Qb2+ 59. Kg1 Qd4+ 60. Kh2 a4 61. Qb8+ Kd5 62. Qb5+ Ke4 63. Qf5+ Ke3 64. Kh3 Kd2 65. Kh4 a3 66. Qa5+ Qc3 67. Qd5+ Kc1 68. Qh1+ Kc2 69. Qg2+ Qd2 70. Qc6+ Qc3 71. Qg2+ Kb1 72. Qf1+ Ka2 73. Qe2+ Qb2 74. Qe6+ Kb1 75. Qe4+ Kc1 76. Qe1+ Kc2 77. Qe2+ Kc3 78. Qe3+ Kc4 79. Qe4+ Qd4 80. Qc6+ Kb3 81. Qb5+ Qb4 82. Qd3+ Kb2 83. Qe2+ Kc1 84. Qf1+ Kd2 85. Qxf6 Qc4 86. Qf2+ Qe2 87. Qd4+ Qd3 88. Qf2+ Kc1 89. Qe1+ Kb2 90. Qe5+ Kc2 91. Qc5+ Kd1 92. Qg1+ Ke2 93. Qg2+ Ke3 94. Qg3+ Ke4 95. Qe1+ Qe3 96. Qb1+ Qd3 97. Qe1+ Kd4 98. Qb4+ Kd5 99. Qa5+ Kc6 100. Qa4+ Kd6 101. Qb4+ Ke6 102. Qb6+ Qd6 103. Qb3+ Ke7 104. Qe3+ Kf7 105. Qb3+ Ke7 106. Qe3+ Kf7 107. Qb3+ Ke8 108. Qa4+ Kf8 109. Qc4 Kg7 110. g5 Qh2+ 111. Kg4 Qg2+ 112. Kh4 Qf2+ 113. Kg4 1/2-1/2

[Event "SVK-chT1E 1819"]
[Site "Slovakia"]
[Date "2019.02.02"]
[Round "7.5"]
[White "Tatarko, Tomas"]
[Black "Jelen, Peter"]
[Result "1/2-1/2"]
[WhiteElo "1970"]
[BlackElo "2106"]
[PlyCount "73"]
[EventDate "2018.10.27"]
[EventType "team-tourn"]
[EventRounds "11"]
[EventCountry "SVK"]
[SourceTitle "CBM 188 Extra"]
[Source "ChessBase"]
[SourceDate "2019.02.28"]
[SourceVersion "1"]
[SourceVersionDate "2019.02.28"]
[SourceQuality "1"]
[WhiteTeam "Sabinov"]
[BlackTeam "Liptov Chess School II"]
[WhiteTeamCountry "SVK"]
[BlackTeamCountry "SVK"]

1. e4 c5 2. Nf3 Nc6 3. d4 cxd4 4. Nxd4 Nf6 5. Nc3 d6 6. Bg5 e6 7. Qd2 Be7 8. 0-0-0 0-0 9. f4 Nxd4 10. Qxd4 Qa5 11. Kb1 Rd8 12. Be2 Bd7 13. g4 Bc6 14. Rhf1 d5 15. e5 Bc5 16. Qd3 Nd7 17. Bxd8 Rxd8 18. Nb5 a6 19. Nd4 Nb6 20. Nxc6 bxc6 21. Qxa6 Qb4 22. c3 Qe4+ 23. Qd3 Qa4 24. Qc2 Qa7 25. Rf3 Ra8 26. b3 Bf8 27. Rh3 g6 28. Bf1 c5 29. c4 d4 30. Bg2 Rb8 31. Rc1 Qa5 32. Qf2 Qa3 33. Qb2 Qxb2+ 34. Kxb2 Nxc4+ 35. Kc2 Ne3+ 36. Rxe3 dxe3 37. Kd3 1/2-1/2

[Event "SVK-chT1E 1819"]
[Site "Slovakia"]
[Date "2018.11.25"]
[Round "4.3"]
[White "Turcan, Richard"]
[Black "Jelen, Peter"]
[Result "0-1"]
[WhiteElo "2105"]
[BlackElo "2106"]
[PlyCount "134"]
[EventDate "2018.10.27"]
[EventType "team-tourn"]
[EventRounds "11"]
[EventCountry "SVK"]
[SourceTitle "CBM 188 Extra"]
[Source "ChessBase"]
[SourceDate "2019.02.28"]
[SourceVersion "1"]
[SourceVersionDate "2019.02.28"]
[SourceQuality "1"]
[WhiteTeam "Banska Bystrica Junior"]
[BlackTeam "Liptov Chess School II"]
[WhiteTeamCountry "SVK"]
[BlackTeamCountry "SVK"]

1. e4 e5 2. Nf3 d6 3. d4 Nf6 4. dxe5 Nxe4 5. Bc4 c6 6. exd6 Bxd6 7. 0-0 0-0 8. Re1 Bf5 9. Nbd2 Nc5 10. Nb3 Nxb3 11. Bxb3 h6 12. Nd4 Bg6 13. Qg4 Qf6 14. c3 Rd8 15. Be3 Nd7 16. Nf3 Bf5 17. Qh4 Be7 18. Qg3 Bd6 19. Bf4 Nc5 20. Bxd6 Rxd6 21. Nd4 Bg6 22. Bc4 Rad8 23. Qe5 Qxe5 24. Rxe5 Na4 25. h4 Nxb2 26. Bf1 Bd3 27. Bxd3 Nxd3 28. Ra5 a6 29. g3 Rd5 30. Rxd5 Rxd5 31. Rd1 Ne5 32. Rb1 Rd7 33. Nb3 b6 34. Kg2 c5 35. Re1 f6 36. f4 Nc4 37. Re4 Nd6 38. Re2 Kf7 39. Rd2 Ke7 40. Kf3 Nb5 41. Re2+ Kf7 42. Re3 Na3 43. Ke2 Re7 44. Nd2 Rxe3+ 45. Kxe3 Ke6 46. Ke4 f5+ 47. Kd3 b5 48. Ke3 Kd5 49. Kd3 a5 50. Nf3 Nc4 51. h5 Nd6 52. Nh4 Ke6 53. Ke3 Ne8 54. Nf3 Nf6 55. Ne5 Ng4+ 56. Nxg4 fxg4 57. Ke4 b4 58. Kd3 a4 59. cxb4 cxb4 60. Kc4 b3 61. axb3 axb3 62. Kxb3 Kd5 63. f5 Ke4 64. Kc4 Kf3 65. Kd5 Kxg3 66. Ke6 Kf4 67. Kf7 Kxf5 0-1

[Event "SVK-chT2C 1819"]
[Site "Slovakia"]
[Date "2018.11.17"]
[Round "3.3"]
[White "Jelen, Peter"]
[Black "Buchnicek, Petr"]
[Result "0-1"]
[WhiteElo "2112"]
[BlackElo "2322"]
[PlyCount "54"]
[EventDate "2018.10.13"]
[EventType "team-tourn"]
[EventRounds "11"]
[EventCountry "SVK"]
[SourceTitle "CBM 187 Extra"]
[Source "ChessBase"]
[SourceDate "2018.11.04"]
[SourceVersion "1"]
[SourceVersionDate "2018.11.04"]
[SourceQuality "1"]
[WhiteTeam "Ondrasova Krivan"]
[BlackTeam "Ruzomberok Montana"]
[WhiteTeamCountry "SVK"]
[BlackTeamCountry "SVK"]

1. Nf3 Nf6 2. c4 c6 3. Nc3 d5 4. e3 Bg4 5. d4 e6 6. h3 Bxf3 7. Qxf3 Bd6 8. Bd3 0-0 9. 0-0 dxc4 10. Bxc4 Nbd7 11. Rd1 Qe7 12. Bd2 e5 13. g4 e4 14. Qg2 h6 15. h4 g5 16. hxg5 hxg5 17. Ne2 Nb6 18. Bb3 Kg7 19. f4 exf3 20. Qxf3 Qe4 21. Qxe4 Nxe4 22. Kg2 Rh8 23. Kf3 Rae8 24. Ng1 Rh2 25. Be1 f5 26. gxf5 Nd7 27. f6+ Ndxf6 0-1

[Event "SVK-chT2C 1718"]
[Site "Slovakia"]
[Date "2018.03.17"]
[Round "10.4"]
[White "Jelen, Peter"]
[Black "Holeczy, Martin"]
[Result "1/2-1/2"]
[WhiteElo "2091"]
[BlackElo "1988"]
[PlyCount "44"]
[EventDate "2017.10.28"]
[EventType "team-tourn"]
[EventRounds "11"]
[EventCountry "SVK"]
[SourceTitle "EXT 2020"]
[Source "ChessBase"]
[SourceDate "2019.10.17"]
[SourceVersion "1"]
[SourceVersionDate "2019.10.17"]
[SourceQuality "1"]
[WhiteTeam "Ondrasova Krivan"]
[BlackTeam "Banska Bystrica Veza"]
[WhiteTeamCountry "SVK"]
[BlackTeamCountry "SVK"]

1. Nf3 Nf6 2. g3 d5 3. Bg2 g6 4. 0-0 Bg7 5. c4 c6 6. d4 0-0 7. b3 Bf5 8. Bb2 Nbd7 9. cxd5 cxd5 10. Nc3 Be4 11. Qd2 Re8 12. Rac1 Rc8 13. Bh3 Bxf3 14. exf3 e6 15. Rc2 Qa5 16. Rfc1 Rc6 17. Bf1 a6 18. a3 Rec8 19. b4 Qd8 20. b5 axb5 21. Bxb5 R6c7 22. Bxd7 Qxd7 1/2-1/2

[Event "SVK-chT1E 1718"]
[Site "Slovakia"]
[Date "2018.03.10"]
[Round "10.4"]
[White "Jelen, Peter"]
[Black "Galvanek, Ladislav"]
[Result "1-0"]
[WhiteElo "2097"]
[BlackElo "2024"]
[PlyCount "61"]
[EventDate "2017.10.21"]
[EventType "team-tourn"]
[EventRounds "11"]
[EventCountry "SVK"]
[SourceTitle "EXT 2019"]
[Source "ChessBase"]
[SourceDate "2018.10.10"]
[SourceVersion "1"]
[SourceVersionDate "2018.10.10"]
[SourceQuality "1"]
[WhiteTeam "Liptov Chess School II"]
[BlackTeam "Kysucke Nove Mesto"]
[WhiteTeamCountry "SVK"]
[BlackTeamCountry "SVK"]

1. Nf3 d5 2. g3 Nf6 3. Bg2 c6 4. 0-0 Bf5 5. d4 h6 6. c4 e6 7. Nc3 Be7 8. Nd2 0-0 9. e4 Bh7 10. Re1 Re8 11. a3 dxe4 12. Ndxe4 Nbd7 13. Be3 Nxe4 14. Nxe4 Nf6 15. Nc3 Qd7 16. d5 cxd5 17. cxd5 exd5 18. Nxd5 Nxd5 19. Qxd5 Red8 20. Qxd7 Rxd7 21. Rad1 Rxd1 22. Rxd1 Bf5 23. Bf4 Rd8 24. Rxd8+ Bxd8 25. Bxb7 Bf6 26. b4 Bb2 27. a4 Ba3 28. b5 Bc2 29. a5 Ba4 30. b6 axb6 31. a6 1-0

[Event "SVK-chT2C 1718"]
[Site "Slovakia"]
[Date "2018.02.04"]
[Round "7.4"]
[White "Druska, Robert"]
[Black "Jelen, Peter"]
[Result "0-1"]
[WhiteElo "1882"]
[BlackElo "2107"]
[PlyCount "92"]
[EventDate "2017.10.28"]
[EventType "team-tourn"]
[EventRounds "11"]
[EventCountry "SVK"]
[SourceTitle "EXT 2019"]
[Source "ChessBase"]
[SourceDate "2018.10.10"]
[SourceVersion "1"]
[SourceVersionDate "2018.10.10"]
[SourceQuality "1"]
[WhiteTeam "Liptovska Stiavnica"]
[BlackTeam "Ondrasova Krivan"]
[WhiteTeamCountry "SVK"]
[BlackTeamCountry "SVK"]

1. e4 e5 2. Nf3 d6 3. d4 Nf6 4. dxe5 Nxe4 5. Qd5 Nc5 6. Ng5 Be6 7. Qf3 Nc6 8. Bb5 d5 9. 0-0 Be7 10. Qg3 0-0 11. Nc3 a6 12. Be2 Bf5 13. Be3 d4 14. Rad1 Nd7 15. Bxd4 Bxg5 16. f4 Be7 17. Nd5 Nxd4 18. Rxd4 Bc5 19. Rfd1 Bxc2 20. Kh1 Bxd4 21. Rxd4 Kh8 22. Ne3 c5 23. Rd6 Ba4 24. Bd3 g6 25. Qh3 Bc6 26. Nf5 Qa5 27. Qh4 Qd2 28. Bf1 Qc1 29. Kg1 Bb5 30. Ng3 Rae8 31. Qg4 Re6 32. Rd1 Qe3+ 33. Kh1 Nb6 34. h4 Bxf1 35. Nxf1 Qf2 36. Ng3 Nc4 37. Ne4 Qc2 38. Qf3 Nxb2 39. Rd7 Nc4 40. Ng5 Qb1+ 41. Kh2 Qf5 42. Qxb7 Qxf4+ 43. g3 Qf2+ 44. Kh1 Nxe5 45. Rd1 Ng4 46. Nf3 Re3 0-1

[Event "SVK-chT2C 1718"]
[Site "Slovakia"]
[Date "2018.01.14"]
[Round "6.4"]
[White "Jelen, Peter"]
[Black "Murin, Pavol"]
[Result "0-1"]
[WhiteElo "2107"]
[BlackElo "2024"]
[PlyCount "66"]
[EventDate "2017.10.28"]
[EventType "team-tourn"]
[EventRounds "11"]
[EventCountry "SVK"]
[SourceTitle "EXT 2019"]
[Source "ChessBase"]
[SourceDate "2018.10.10"]
[SourceVersion "1"]
[SourceVersionDate "2018.10.10"]
[SourceQuality "1"]
[WhiteTeam "Ondrasova Krivan"]
[BlackTeam "Bziny"]
[WhiteTeamCountry "SVK"]
[BlackTeamCountry "SVK"]

1. Nf3 Nf6 2. c4 g6 3. g3 Bg7 4. Bg2 0-0 5. 0-0 d6 6. d4 c6 7. Nc3 Nbd7 8. e4 e5 9. h3 Re8 10. Be3 Qc7 11. Qc2 a6 12. Rfd1 b5 13. c5 exd4 14. cxd6 Qxd6 15. e5 Nxe5 16. Nxe5 Qxe5 17. Bxc6 dxe3 18. Bxa8 Bxh3 19. Bg2 Bxg2 20. f4 Qc5 21. Kxg2 b4 22. Rac1 bxc3 23. Qxc3 Qh5 24. Qc4 Ng4 25. Rh1 Qa5 26. b4 Qa3 27. Qe2 h5 28. f5 Qxb4 29. fxg6 fxg6 30. Rhe1 Kh8 31. Rc4 Qb7+ 32. Kg1 Rf8 33. Rxg4 Rf2 0-1

[Event "SVK-chT2C 1718"]
[Site "Slovakia"]
[Date "2017.11.26"]
[Round "4.4"]
[White "Jelen, Peter"]
[Black "Marsina, Stefan"]
[Result "1-0"]
[WhiteElo "2107"]
[BlackElo "1905"]
[PlyCount "115"]
[EventDate "2017.10.28"]
[EventType "team-tourn"]
[EventRounds "11"]
[EventCountry "SVK"]
[SourceTitle "CBM 181 Extra"]
[Source "ChessBase"]
[SourceDate "2017.12.12"]
[SourceVersion "1"]
[SourceVersionDate "2017.12.12"]
[SourceQuality "1"]
[WhiteTeam "Ondrasova Krivan"]
[BlackTeam "Rajecke Teplice"]
[WhiteTeamCountry "SVK"]
[BlackTeamCountry "SVK"]

1. Nf3 Nf6 2. c4 e6 3. g3 d5 4. Bg2 c6 5. 0-0 Be7 6. d4 0-0 7. Nc3 Nbd7 8. b3 Qa5 9. Qc2 dxc4 10. bxc4 e5 11. d5 cxd5 12. cxd5 Nxd5 13. Nxd5 Qxd5 14. Ng5 e4 15. Bxe4 Qc5 16. Bxh7+ Kh8 17. Qxc5 Nxc5 18. Bc2 Bg4 19. f3 Be6 20. Be3 Bc4 21. Kf2 Rac8 22. Ne4 Rfe8 23. Rfd1 Ne6 24. Bd3 f5 25. Bxc4 Rxc4 26. Nd6 Bxd6 27. Rxd6 f4 28. gxf4 Nxf4 29. Bxf4 Rxf4 30. Rb1 Rh4 31. Kg3 Ra4 32. Rb2 Re5 33. e4 b6 34. Kf4 Rea5 35. Rd8+ Kh7 36. Rdd2 Kg8 37. Rg2 Kf7 38. h4 Rh5 39. Rg4 Kf6 40. Rd2 Rf5+ 41. Kg3 Rfa5 42. h5 Rxa2 43. Rg6+ Kf7 44. Rd7+ Ke8 45. Rgxg7 Rxh5 46. Rb7 Kf8 47. Rgc7 Re5 48. Kf4 Re8 49. Kf5 Ra5+ 50. Kf6 Rh5 51. Rg7 Rh6+ 52. Kg5 Ree6 53. Rbf7+ Ke8 54. Rxa7 Kf8 55. f4 Rh1 56. Kf5 Rc6 57. Rgb7 Rhc1 58. Ra8+ 1-0